000 00438nam a2200169Ia 4500
003 GCL
008 140319s9999 xx 000 0 ara d
040 _aGCL /
_cGCL
082 0 4 _a100
_bن ا
100 1 _aنجيب الحصادى
245 1 0 _aاوهام الخلط /
_cنجيب الحصادى
260 _a[S.N] :
_bجامعة قاريونس ،
_c1987
300 _a275 ص
490 _a
650 0 4 _aفلسفة
942 _2ddc
_cBK
999 _c53379
_d53379